Quizzes
Events
Quiz Creation
Community
Videos
Private Events
Remove Ads
Sign In
Join for FREE
Feedback
Dark Mode
Quiz Categories
Sports
Geography
Music
Movies
Television
Just For Fun
Miscellaneous
History
Literature
Language
Science
Gaming
Entertainment
Religion
Holiday
For Kids
Quiz Lab
Recent
Popular Today
Quiz Kudos Today
Editor Picks
Curator Picks
Quizzes by...
Day
Popularity
Type
Ratings
Length
Year
Community
Subscriptions
Recent Discussions
Orange Saloon
Badges
Playlists
Quests
Create
Leaderboards
Showdown
Live 5
Trivia Bingo
Activity
Puzzle Library
Sporcle Events
Private Events
Virtual Trivia
Globe League
Become a Host
Pub Owners
SporcleCon
Opinionation
Our Games
Videos
Blog
Mobile Apps
Partnerships
Remove Ads and Go Orange
Feedback
Geography
Country
Landmarks
City
State
Population
World
Capital
Continent
Flags
Europe
Africa
Asia
South America
North America
Oceania
Border
Canada
United Kingdom
Topography
United States
Geography
Country
Landmarks
City
State
Population
World
Capital
Continent
Flags
Europe
Africa
Asia
South America
North America
Oceania
Border
Canada
United Kingdom
Topography
United States
Random Quiz
Search Sporcle
×
Quiz Lab
Quiz Lab
Geography
Europe
Type in answers that appear in a list
Type in answers that appear in a list
Classic
Best Score? Go Orange.
Longest European Rivers Stats
Can you name the Longest European Rivers?
By
snazzyhazzy
5m
13 Questions
364 Plays
364 Plays
364 Plays
Comments
Comments
Give Quiz Kudos
Give Quiz Kudos
-
- Ratings
hide this ad
Replay
Link that replays current quiz
Next Quiz
Link to next quiz in quiz playlist
You Got
0%
They Got
Avg Score
54%
Avg Friend Score
Upgrade to see
Score Distribution
Jump to the score distribution portion of the page
Score
0/13
Timer
05:00
0
Plays Today
Country/Countries
River
% Correct
Germany, Austria, Slovakia, Hungary, Croatia, Serbia, Bulgaria, Moldova, Ukraine, Romania
Danube
97.5%
Russia
Volga
92.6%
Germany, Italy, Austria, Liechtenstein, Switzerland, France, Netherlands
Rhine
89.3%
France
Loire
69%
Russia, Belarus, Ukraine
Dnieper
56%
Czech Republic, Germany
Elbe
55.5%
Spain, Portugal
Tagus
53.6%
Russia
Don
52.7%
Poland
Vistula
48.4%
Ukraine
Dniester
38.7%
Russia
Ural
34.6%
Russia, Belarus, Latvia
Daugava
15.4%
Russia
Pechora
9.6%
Quiz Playlist
Details
Report
Send in Message
Add To Playlist
Classic:
Type in answers that appear in a list
Quiz Source
Last Updated: Mar 31, 2017
Quiz Scoreboard
CHALLENGE
Sign Up to Join the Scoreboard
Show All
Scores
Hide
Comments
May contain spoilers
Recently Published
1-10 Letter E Words III
by El_Dandy
Language
2m
One Thing in Common: World Cities II
by knightlancer
Geography
7m
Popular People in 1961
by mucciniale
History
6m
More to Explore
Quiz From the Vault
Featured Blog Post
Where Did the Easter Bunny Come From?
hide this ad
You Might Also Like...
Tags
Europe Quiz
Topography Quiz
Today's Top Quizzes in Geography
Browse Geography
hide this ad
Today's Top Quizzes in Europe
Browse Europe
Top Contributed Quizzes in Geography
1
Countries of the World - No Outlines Minefield
2
African Flag Reveal XLV
3
Top 25 Cities of France on a map
4
Closest Countries to UK A-Z
5
Blind Secret Country CLXXXVIII
6
Find the US States - No Outlines
7
One Thing in Common: Asia
8
Blind Ultimate Minefield: Asia
9
30 Pics in 60: Landmark Cities
10
Find the States of India (Picture Click)
Explore More
Trending Topics
Kpop
Harry Potter
Disney
Marvel
Crossword
NBA
Anime
The Office
Soccer
WWE
NFL
Country
Song
Pokémon
Puzzle
hide this ad
More By:
snazzyhazzy
Quiz
Plays
Rating
Category
Featured
Created
Scouting For Girls Songs
369
3.67
Music
Jan 23, 2011
Longest European Rivers
364
4.14
Geography
Feb 5, 2011
Scouting For Girls Lyrics
344
3.00
Music
Feb 6, 2011
Proffessional Sport Teams of Sheffield
303
4.00
Sports
Jan 25, 2011
Go to Creator's Profile
Score Distribution
Quiz Creator Spotlight
snazzyhazzy
Follow
Send a Message
Quizzes Created
-
Created Quiz Play Count
-
More By This Creator
Popular Quizzes Today
1
Find the US States - No Outlines Minefield
2
The Countries of the World
3
Popular People in 1961
4
Find the Countries of Europe - No Outlines Minefield
5
1-10 Letter E Words III
6
Find the US States
7
One Thing in Common: World Cities II
8
US States
More Geography Quizzes
European Country by Two Hints
Published
Trending Quizzes
1-10 Letter F Words
One Thing in Common: Music
1-10 Letter G Words
Risky Map Clicking: Next State Alphabetically
1-10 Letter F Words II
Recently Updated
Leaping Animals
pecheneg
Reality TV Shows (A-Z)
bhenderson79
Rickey Henderson's Hall of Fame Teammates
pecheneg
Champions League XIs: Arsenal
pecheneg
Quick Pick: Celebrities in WWE's Hall of Fame
aduchscher
A-Z Keypad Blitz II
pecheneg
Multiple Oscar Actors
pecheneg
Mystery Phrase Blitz: Oscar 'Best Actors'
pecheneg
F. Scott Fitzgerald Novels
LTH
Pick 3 Villains
ddd62291
Trending Topics
Disney
Kpop
Anime
Marvel
NBA
Harry Potter
Crossword
NFL
The Office
Soccer
WWE
Pokémon
Puzzle
Country
Song
Your Account Isn't Verified!
In order to create a playlist on Sporcle, you need to verify the email address you used during registration. Go to your
Sporcle Settings
to finish the process.
Report this User
Report this user for behavior that violates our
Community Guidelines
.
Details:
Send Report
Go to the Sporcle.com Mobile Site →
Comments